<?xml version="1.0" encoding="UTF-8"?><?xml-stylesheet type="text/xsl" href="static/style.xsl"?><OAI-PMH xmlns="http://www.openarchives.org/OAI/2.0/" xmlns:xsi="http://www.w3.org/2001/XMLSchema-instance" xsi:schemaLocation="http://www.openarchives.org/OAI/2.0/ http://www.openarchives.org/OAI/2.0/OAI-PMH.xsd"><responseDate>2026-04-28T21:21:55Z</responseDate><request verb="GetRecord" identifier="oai:uvadoc.uva.es:10324/41702" metadataPrefix="marc">https://uvadoc.uva.es/oai/request</request><GetRecord><record><header><identifier>oai:uvadoc.uva.es:10324/41702</identifier><datestamp>2021-06-30T03:12:06Z</datestamp><setSpec>com_10324_38</setSpec><setSpec>col_10324_852</setSpec></header><metadata><record xmlns="http://www.loc.gov/MARC21/slim" xmlns:doc="http://www.lyncode.com/xoai" xmlns:xsi="http://www.w3.org/2001/XMLSchema-instance" xmlns:dcterms="http://purl.org/dc/terms/" xsi:schemaLocation="http://www.loc.gov/MARC21/slim http://www.loc.gov/standards/marcxml/schema/MARC21slim.xsd">
<leader>00925njm 22002777a 4500</leader>
<datafield tag="042" ind1=" " ind2=" ">
<subfield code="a">dc</subfield>
</datafield>
<datafield tag="720" ind1=" " ind2=" ">
<subfield code="a">Torres García, María</subfield>
<subfield code="e">author</subfield>
</datafield>
<datafield tag="260" ind1=" " ind2=" ">
<subfield code="c">2020</subfield>
</datafield>
<datafield tag="520" ind1=" " ind2=" ">
<subfield code="a">El presente proyecto tiene como finalidad el diseño de un escritorio&#xd;
multifuncional que resuelva todos los problemas de espacio y distribución&#xd;
que tienen los usuarios hoy en día a la hora de trabajar o estudiar.&#xd;
La necesidad de tener al alcance todos los útiles de trabajo teniendo a su&#xd;
vez, un espacio limpio y ordenado es una tarea que muchos desean pero pocos&#xd;
pueden conseguir.&#xd;
Está demostrado que un espacio limpio, libre y cuidado ayuda a mejorar la&#xd;
concentración de las personas y por consiguiente, conseguir que rindan más&#xd;
y sean más creativas en la labor que desempeñan.&#xd;
WIT tiene el objetivo de solventar este handicap dando lugar a un escritorio&#xd;
donde la funcionalidad y la estética se complementan a la perfección.</subfield>
</datafield>
<datafield tag="520" ind1=" " ind2=" ">
<subfield code="a">The current project’s purpose is to design a multifunctional desktop that&#xd;
solves all space and distribution problems that the users have nowadays&#xd;
when studying or working.&#xd;
The necessity of having all of the tools within reach as well as having a clean&#xd;
and organized space, is a task that many desire but few can achieve.&#xd;
Its demonstrated that a clean, free and cared space helps improve the focus&#xd;
of the people and that way they become more productive and more creative in&#xd;
the task at hand.&#xd;
WIT has the objective of solving this handicap creating a desktop where the&#xd;
functionality and aesthetic complement each other to perfection.</subfield>
</datafield>
<datafield tag="024" ind2=" " ind1="8">
<subfield code="a">http://uvadoc.uva.es/handle/10324/41702</subfield>
</datafield>
<datafield tag="245" ind1="0" ind2="0">
<subfield code="a">Diseño de escritorio multifuncional</subfield>
</datafield>
</record></metadata></record></GetRecord></OAI-PMH>